[Event "CZE-chT2a 0405"]
[Site "Czech Republic"]
[Date "2005.04.10"]
[Round "11.4"]
[White "Pliva, Vojtech"]
[Black "Dolezal, Jiri"]
[Result "1/2-1/2"]
[WhiteElo "2118"]
[BlackElo "2223"]
[PlyCount "49"]
[EventDate "2004.10.17"]
[EventType "team"]
[EventRounds "11"]
[EventCountry "CZE"]
[SourceTitle "EXT 2007"]
[Source "ChessBase"]
[SourceDate "2006.11.23"]
[SourceVersion "1"]
[SourceVersionDate "2006.11.23"]
[SourceQuality "1"]
[WhiteTeam "Kladno"]
[BlackTeam "Tabor"]
[WhiteTeamCountry "CZE"]
[BlackTeamCountry "CZE"]

1. Nf3 Nf6 2. d4 b6 3. g3 e6 4. Bg2 Bb7 5. 0-0 Be7 6. c4 0-0 7. Nc3 Ne4 8. Nxe4 Bxe4 9. Ne1 Bxg2 10. Nxg2 d6 11. e4 Bf6 12. Ne3 c5 13. d5 Qe7 14. dxe6 fxe6 15. Nd5 Qd7 16. Nxf6+ Rxf6 17. Bg5 Rf7 18. Be3 Nc6 19. b3 e5 20. Qd5 Re8 21. Rad1 Nd4 22. Bxd4 exd4 23. f4 Qe6 24. Rfe1 Rfe7 25. Kf2 1/2-1/2

[Event "CZE-chT2a 0405"]
[Site "Czech Republic"]
[Date "2004.11.07"]
[Round "2.4"]
[White "Dolezal, Jiri"]
[Black "Blecha, Miroslav"]
[Result "1-0"]
[WhiteElo "2223"]
[BlackElo "2158"]
[PlyCount "65"]
[EventDate "2004.10.17"]
[EventType "team"]
[EventRounds "11"]
[EventCountry "CZE"]
[SourceTitle "EXT 2007"]
[Source "ChessBase"]
[SourceDate "2006.11.23"]
[SourceVersion "1"]
[SourceVersionDate "2006.11.23"]
[SourceQuality "1"]
[WhiteTeam "Tabor"]
[BlackTeam "Plzen Letna"]
[WhiteTeamCountry "CZE"]
[BlackTeamCountry "CZE"]

1. d4 Nf6 2. Nf3 g6 3. c4 c5 4. d5 e6 5. Nc3 exd5 6. cxd5 d6 7. Bg5 h6 8. Bh4 Bg7 9. Nd2 0-0 10. e3 Re8 11. Be2 Na6 12. Nc4 Nc7 13. a4 Rb8 14. 0-0 b6 15. Bg3 Bf8 16. Bf3 Ba6 17. b3 Bxc4 18. bxc4 Na6 19. Re1 Nb4 20. e4 Rb7 21. Qd2 Nd7 22. Nb5 Ne5 23. Be2 a6 24. Nc3 Bg7 25. Rad1 Qf6 26. Rc1 Rbe7 27. f4 Ned3 28. e5 Qf5 29. exd6 Bd4+ 30. Kh1 Be3 31. Qd1 Rd7 32. Bg4 Qf6 33. Bxd7 1-0

[Event "Strmilov op"]
[Site "Strmilov"]
[Date "2004.05.10"]
[Round "8"]
[White "Dolezal, Jiri"]
[Black "Karlicek, Pavel"]
[Result "1-0"]
[WhiteElo "2220"]
[BlackElo "1950"]
[PlyCount "53"]
[EventDate "2004.05.05"]
[EventType "swiss"]
[EventRounds "9"]
[EventCountry "CZE"]
[SourceTitle "EXT 2006"]
[Source "ChessBase"]
[SourceDate "2005.11.24"]
[SourceVersion "1"]
[SourceVersionDate "2005.11.24"]
[SourceQuality "1"]

1. d4 Nf6 2. Nf3 e6 3. c4 Bb4+ 4. Nbd2 c5 5. a3 Bxd2+ 6. Qxd2 d5 7. dxc5 Ne4 8. Qc2 a5 9. e3 Nc6 10. cxd5 exd5 11. Bd3 f5 12. 0-0 0-0 13. Bd2 Qe7 14. Rac1 Bd7 15. b4 axb4 16. axb4 Nxd2 17. Qxd2 Ra4 18. Rb1 Rfa8 19. Bb5 Ra2 20. Qxd5+ Be6 21. Qd6 Rd8 22. Qxe7 Nxe7 23. Nd4 Bd5 24. g3 g6 25. Rfd1 Rda8 26. Bf1 Be4 27. Bc4+ 1-0

[Event "Strmilov op"]
[Site "Strmilov"]
[Date "2004.05.07"]
[Round "6"]
[White "Dolezal, Jiri"]
[Black "Straka, Zdenek"]
[Result "1-0"]
[WhiteElo "2222"]
[BlackElo "1913"]
[PlyCount "79"]
[EventDate "2004.05.05"]
[EventType "swiss"]
[EventRounds "9"]
[EventCountry "CZE"]
[SourceTitle "EXT 2006"]
[Source "ChessBase"]
[SourceDate "2005.11.24"]
[SourceVersion "1"]
[SourceVersionDate "2005.11.24"]
[SourceQuality "1"]

1. d4 Nf6 2. Nf3 e6 3. c4 d5 4. Nc3 c6 5. e3 Nbd7 6. Bd3 Be7 7. 0-0 dxc4 8. Bxc4 b5 9. Bb3 Bb7 10. Re1 a6 11. e4 c5 12. d5 c4 13. Bc2 Bc5 14. dxe6 fxe6 15. Ng5 Qb6 16. Be3 h6 17. Bxc5 Nxc5 18. Nh3 0-0 19. e5 Rad8 20. Qe2 Nd5 21. Nxd5 Bxd5 22. Rad1 Qb7 23. Qg4 g5 24. f4 Rd7 25. fxg5 hxg5 26. Nxg5 Rg7 27. h4 Qa7 28. Qd4 Qe7 29. Rf1 Rxf1+ 30. Rxf1 Nd3 31. Bxd3 cxd3 32. Rf6 Bxa2 33. Qxd3 Qc5+ 34. Kh1 Bd5 35. Qd2 b4 36. Qf4 a5 37. h5 Bxg2+ 38. Kxg2 Qc2+ 39. Kh3 Qc5 40. h6 1-0

[Event "Strmilov op"]
[Site "Strmilov"]
[Date "2004.05.06"]
[Round "4"]
[White "Dolezal, Jiri"]
[Black "Lechtynsky, Jiri"]
[Result "0-1"]
[WhiteElo "2222"]
[BlackElo "2431"]
[PlyCount "88"]
[EventDate "2004.05.05"]
[EventType "swiss"]
[EventRounds "9"]
[EventCountry "CZE"]
[SourceTitle "EXT 2006"]
[Source "ChessBase"]
[SourceDate "2005.11.24"]
[SourceVersion "1"]
[SourceVersionDate "2005.11.24"]
[SourceQuality "1"]

1. d4 Nf6 2. Nf3 e6 3. c4 Bb4+ 4. Nbd2 c5 5. e3 cxd4 6. exd4 d5 7. c5 0-0 8. Bd3 b6 9. cxb6 axb6 10. 0-0 Ba6 11. Bxa6 Rxa6 12. Ne5 Bd6 13. Ndf3 Ne4 14. Qe2 Qe8 15. Nd2 Nxd2 16. Bxd2 Ra4 17. Be3 Nc6 18. Nxc6 Qxc6 19. b3 Ra3 20. Rac1 Qd7 21. Rc2 b5 22. f4 g6 23. g3 Rfa8 24. Rf2 R3a5 25. Qd3 Bf8 26. Rfe2 Rc8 27. Bf2 b4 28. Kg2 Rxc2 29. Rxc2 Qb7 30. h3 Qa8 31. Qe2 Bd6 32. Kh2 Ra6 33. Qd2 Rc6 34. Kg2 h5 35. h4 Rc3 36. Rxc3 bxc3 37. Qxc3 Qxa2 38. Qd3 Bb4 39. Kf3 Qb2 40. Qd1 Bd2 41. Bg1 Kf8 42. Bf2 Ke7 43. Be3 Bxe3 44. Kxe3 Qg2 0-1

[Event "Strmilov op"]
[Site "Strmilov"]
[Date "2004.05.05"]
[Round "1"]
[White "Divis, Jan"]
[Black "Dolezal, Jiri"]
[Result "0-1"]
[WhiteElo "1717"]
[BlackElo "2222"]
[PlyCount "60"]
[EventDate "2004.05.05"]
[EventType "swiss"]
[EventRounds "9"]
[EventCountry "CZE"]
[SourceTitle "EXT 2006"]
[Source "ChessBase"]
[SourceDate "2005.11.24"]
[SourceVersion "1"]
[SourceVersionDate "2005.11.24"]
[SourceQuality "1"]

1. d4 Nf6 2. c4 e6 3. Nc3 Bb4 4. Qc2 c5 5. Nf3 cxd4 6. Nxd4 Nc6 7. Nxc6 bxc6 8. a3 Be7 9. g3 0-0 10. Bg2 Ba6 11. b3 d5 12. cxd5 cxd5 13. 0-0 Rc8 14. Qd2 Qc7 15. Bb2 Rfd8 16. Rfc1 Qb6 17. b4 Bc4 18. Nd1 Qb5 19. e3 Qb8 20. Qe1 Nd7 21. Bf1 Ne5 22. Bxe5 Qxe5 23. Bxc4 dxc4 24. Rc3 Bf6 25. Rac1 Qd5 26. R3c2 Qd3 27. Nc3 h6 28. Qe2 Bxc3 29. Qxd3 cxd3 30. Rxc3 Rxc3 0-1

[Event "CZE-chT2 0102"]
[Site "Czech Republic"]
[Date "2002.03.17"]
[Round "11.5"]
[White "Kansky, Pavel"]
[Black "Dolezal, Jiri"]
[Result "1/2-1/2"]
[WhiteElo "2153"]
[BlackElo "2255"]
[PlyCount "77"]
[EventDate "2001.10.??"]
[EventType "team"]
[EventRounds "11"]
[EventCountry "CZE"]
[SourceTitle "EXT 2006"]
[Source "ChessBase"]
[SourceDate "2005.11.24"]
[SourceVersion "1"]
[SourceVersionDate "2005.11.24"]
[SourceQuality "1"]

1. c4 Nf6 2. Nc3 c6 3. e4 e5 4. Nf3 Bb4 5. Qc2 0-0 6. a3 Bxc3 7. dxc3 d5 8. cxd5 cxd5 9. exd5 e4 10. Nd4 Qxd5 11. Qb3 Qxb3 12. Nxb3 Nc6 13. Bg5 Ng4 14. h3 Nge5 15. 0-0-0 h6 16. Bf4 b6 17. Nd4 Rd8 18. Bb5 Nxd4 19. cxd4 Rd5 20. dxe5 Rxb5 21. Rd8+ Kh7 22. Rhd1 Rc5+ 23. Kb1 e3 24. Bxe3 Bf5+ 25. Ka1 Rxd8 26. Rxd8 Rxe5 27. b3 Be6 28. Kb2 Rd5 29. Rxd5 Bxd5 30. g3 g5 31. a4 Kg6 32. a5 bxa5 33. Bxa7 Bc6 34. Ka3 Bd7 35. h4 gxh4 36. gxh4 Kh5 37. Be3 f5 38. Bd2 Kxh4 39. Bxh6 1/2-1/2

[Event "CZE-chT2 0102"]
[Site "Czech Republic"]
[Date "2002.01.19"]
[Round "7.7"]
[White "Ruzicka, Zdenek"]
[Black "Dolezal, Jiri"]
[Result "1-0"]
[WhiteElo "2178"]
[BlackElo "2255"]
[PlyCount "89"]
[EventDate "2001.10.??"]
[EventType "team"]
[EventRounds "11"]
[EventCountry "CZE"]
[SourceTitle "EXT 2006"]
[Source "ChessBase"]
[SourceDate "2005.11.24"]
[SourceVersion "1"]
[SourceVersionDate "2005.11.24"]
[SourceQuality "1"]

1. e4 e6 2. d4 d5 3. exd5 exd5 4. Bd3 c5 5. dxc5 Bxc5 6. Nf3 Ne7 7. 0-0 0-0 8. Nc3 Nbc6 9. a3 a6 10. Bf4 Bd6 11. Qd2 Qc7 12. Bxd6 Qxd6 13. Rad1 Bg4 14. Be2 Rad8 15. Nd4 Ne5 16. Bxg4 Nxg4 17. Nf3 h6 18. h3 Nf6 19. Rfe1 Nc6 20. Nd4 Rd7 21. Nf5 Qc7 22. Qd3 Qf4 23. Ne2 Qc7 24. Ned4 Ne5 25. Qg3 Ng6 26. Qxc7 Rxc7 27. c3 Rd8 28. f3 Kf8 29. Kf2 Nd7 30. h4 Nb6 31. g3 Nc4 32. Re2 Ne7 33. a4 Nb6 34. a5 Nc4 35. Ra1 h5 36. g4 hxg4 37. fxg4 Ng6 38. Kg3 Ne7 39. h5 Nd6 40. Nxd6 Rxd6 41. Rf1 Kg8 42. g5 b6 43. Rfe1 Nc8 44. Re8+ Kh7 45. Rf8 1-0

[Event "CZE-chT2 0102"]
[Site "Czech Republic"]
[Date "2001.12.09"]
[Round "5.6"]
[White "Dolezal, Jiri"]
[Black "Kopal, Josef"]
[Result "1-0"]
[WhiteElo "2255"]
[BlackElo "2207"]
[PlyCount "145"]
[EventDate "2001.10.??"]
[EventType "team"]
[EventRounds "11"]
[EventCountry "CZE"]
[SourceTitle "EXT 2006"]
[Source "ChessBase"]
[SourceDate "2005.11.24"]
[SourceVersion "1"]
[SourceVersionDate "2005.11.24"]
[SourceQuality "1"]

1. d4 d5 2. c4 c6 3. Nc3 Nf6 4. e3 e6 5. Nf3 Nbd7 6. Bd3 Bd6 7. 0-0 0-0 8. e4 dxc4 9. Bxc4 e5 10. h3 Qe7 11. Re1 exd4 12. Nxd4 Ne5 13. Bf1 Rd8 14. Qc2 Bc5 15. Nb3 Bb6 16. Be3 Nh5 17. Qe2 Qh4 18. Bxb6 axb6 19. Qe3 Rd6 20. Nd4 Bxh3 21. Nf5 Bxf5 22. exf5 Rh6 23. f4 Qh2+ 24. Kxh2 Ng4+ 25. Kh3 Nxe3 26. Rxe3 Nxf4+ 27. Kg4 Nh5 28. Rae1 Kf8 29. Bc4 b5 30. Bb3 Nf6+ 31. Kf3 Rh5 32. g4 Rh3+ 33. Kf4 Rxe3 34. Rxe3 Rd8 35. g5 Ng8 36. Ne4 b6 37. Bc2 Ne7 38. Rd3 Nd5+ 39. Kf3 Re8 40. Bb3 Re5 41. Ng3 Nb4 42. Rd7 Re7 43. Rd8+ Re8 44. Rxe8+ Kxe8 45. Ke4 f6 46. Nh5 Ke7 47. Nxg7 fxg5 48. Nh5 g4 49. f6+ Kd6 50. a3 Na6 51. Kf4 Nc5 52. Bc2 Na4 53. b3 Nc3 54. Bxh7 c5 55. Bd3 c4 56. bxc4 bxc4 57. Bxc4 b5 58. Bd3 b4 59. axb4 Nd5+ 60. Kxg4 Nxb4 61. Be4 Na6 62. Kg5 Nc5 63. Bf5 Nb7 64. Kg6 Nd8 65. Kg7 Ke5 66. Bg4 Kd6 67. Nf4 Ke5 68. Ne6 Nb7 69. f7 Nd6 70. f8Q Kd5 71. Qf3+ Ke5 72. Qe3+ Ne4 73. Qd4# 1-0

[Event "CZE-chT2 0102"]
[Site "Czech Republic"]
[Date "2001.10.14"]
[Round "1.8"]
[White "Vachal, Josef"]
[Black "Dolezal, Jiri"]
[Result "0-1"]
[WhiteElo "2170"]
[BlackElo "2255"]
[PlyCount "60"]
[EventDate "2001.10.??"]
[EventType "team"]
[EventRounds "11"]
[EventCountry "CZE"]
[SourceTitle "EXT 2006"]
[Source "ChessBase"]
[SourceDate "2005.11.24"]
[SourceVersion "1"]
[SourceVersionDate "2005.11.24"]
[SourceQuality "1"]

1. e4 e6 2. d4 d5 3. exd5 exd5 4. c4 Nf6 5. Nc3 Be7 6. Nf3 0-0 7. Be2 dxc4 8. Bxc4 Bg4 9. 0-0 Nc6 10. Be2 Rb8 11. d5 Nb4 12. Bc4 Ne8 13. a3 Nd6 14. axb4 Nxc4 15. Qd4 Bxf3 16. Qxc4 b5 17. Qd3 Bh5 18. Rxa7 Bxb4 19. Bf4 Bd6 20. Bxd6 Qxd6 21. Ra5 c6 22. Ra6 Rfd8 23. Qh3 Bg6 24. dxc6 b4 25. Na4 Rbc8 26. Re1 Rxc6 27. Rxc6 Qxc6 28. b3 h6 29. Qh4 Qd6 30. Rc1 Qd1+ 0-1

[Event "Prague AKO op"]
[Site "Prague"]
[Date "2001.??.??"]
[Round "?"]
[White "Cifka, Stanislav"]
[Black "Dolezal, Jiri"]
[Result "1/2-1/2"]
[WhiteElo "1905"]
[BlackElo "2265"]
[PlyCount "91"]
[EventDate "2001.??.??"]
[EventType "swiss"]
[EventRounds "9"]
[EventCountry "CZE"]
[SourceTitle "EXT 2003"]
[Source "ChessBase"]
[SourceDate "2002.11.25"]
[SourceVersion "1"]
[SourceVersionDate "2002.11.25"]
[SourceQuality "1"]

1. e4 c5 2. Nc3 d6 3. g3 Nc6 4. Bg2 g6 5. d3 Bg7 6. Be3 e6 7. Nge2 Nd4 8. 0-0 Rb8 9. Qd2 b5 10. a3 a5 11. f4 Ne7 12. g4 b4 13. axb4 axb4 14. Nd1 f5 15. h3 0-0 16. Kh2 b3 17. c3 Nc2 18. Rb1 Nxe3 19. Nxe3 e5 20. exf5 gxf5 21. g5 Ng6 22. Bd5+ Kh8 23. Ng2 exf4 24. h4 Ne7 25. Nexf4 Nxd5 26. Nxd5 Bb7 27. Ngf4 Qd7 28. Rbe1 Rbe8 29. Qd1 Re5 30. c4 Rfe8 31. Rxe5 Bxe5 32. Nf6 Qc6 33. N6d5 Bxb2 34. Qxb3 Bd4 35. Qd1 Ra8 36. Qh5 Be5 37. Qf7 Qc8 38. g6 Bg7 39. Nh5 Ra2+ 40. Kg1 Bd4+ 41. Kh1 Bxd5+ 42. cxd5 Qg8 43. Re1 Ra1 44. Rxa1 Bxa1 45. Qxf5 hxg6 46. Qg5 1/2-1/2

[Event "Prague AKO op"]
[Site "Prague"]
[Date "2001.??.??"]
[Round "?"]
[White "Dolezal, Jiri"]
[Black "Tikovsky, Alexander"]
[Result "0-1"]
[WhiteElo "2255"]
[BlackElo "2180"]
[PlyCount "96"]
[EventDate "2001.??.??"]
[EventType "swiss"]
[EventRounds "9"]
[EventCountry "CZE"]
[SourceTitle "EXT 2003"]
[Source "ChessBase"]
[SourceDate "2002.11.25"]
[SourceVersion "1"]
[SourceVersionDate "2002.11.25"]
[SourceQuality "1"]

1. d4 g6 2. e4 Bg7 3. Nc3 c6 4. Nf3 d6 5. Be2 Nf6 6. 0-0 0-0 7. Bg5 Qc7 8. a4 e5 9. Qd2 Re8 10. dxe5 dxe5 11. Rfd1 Nbd7 12. Bh6 Nc5 13. Bxg7 Kxg7 14. Qe3 Ne6 15. Bc4 Ng4 16. Qe1 Nd4 17. Rd2 Nxf3+ 18. gxf3 Nf6 19. Qe3 Nh5 20. Qc5 b6 21. Qd6 Qb7 22. b4 Bh3 23. Rad1 Rad8 24. Qxd8 Rxd8 25. Rxd8 Qe7 26. Ne2 Nf4 27. Ng3 h5 28. R8d6 h4 29. Rxc6 hxg3 30. fxg3 Ne6 31. c3 Qg5 32. Kf2 Qh5 33. Be2 g5 34. Rd5 g4 35. f4 Nxf4 36. gxf4 Qh4+ 37. Ke3 exf4+ 38. Kd2 f3 39. Bc4 Bf1 40. Bxf1 Qf2+ 41. Kd3 Qxf1+ 42. Kd4 Qg1+ 43. Kc4 Qe3 44. Kb3 Qxe4 45. Rg5+ Kf8 46. Rc8+ Ke7 47. Rgg8 Qb1+ 48. Kc4 f2 0-1

[Event "CZE-chT2a 0001"]
[Site "Czech Republic"]
[Date "2001.??.??"]
[Round "7"]
[White "Mojzis, Jaroslav"]
[Black "Dolezal, Jiri"]
[Result "0-1"]
[WhiteElo "2245"]
[BlackElo "2250"]
[PlyCount "132"]
[EventDate "2000.??.??"]
[EventType "team"]
[EventRounds "11"]
[EventCountry "CZE"]
[SourceTitle "EXT 2003"]
[Source "ChessBase"]
[SourceDate "2002.11.25"]
[SourceVersion "1"]
[SourceVersionDate "2002.11.25"]
[SourceQuality "1"]

1. Nf3 Nf6 2. g3 b6 3. Bg2 Bb7 4. 0-0 e6 5. d3 d5 6. Nbd2 Nbd7 7. e4 dxe4 8. Ng5 Be7 9. dxe4 e5 10. Re1 0-0 11. Qe2 a5 12. Nf1 h6 13. Nh3 Nc5 14. f3 a4 15. Kh1 Re8 16. Ne3 Ne6 17. Nf5 Bf8 18. Bf1 Nd4 19. Nxd4 exd4 20. Nf2 c5 21. Bg2 Qd7 22. Bd2 c4 23. Rad1 Qc6 24. Bf4 Rad8 25. g4 Bb4 26. c3 dxc3 27. Rxd8 Rxd8 28. bxc3 Bc5 29. Rd1 Re8 30. Bg3 b5 31. Qd2 Qb6 32. Nh3 Bc6 33. Nf4 Be3 34. Qc2 Rd8 35. Rxd8+ Qxd8 36. Qe2 Qd2 37. Qxd2 Bxd2 38. Ne2 b4 39. cxb4 c3 40. Be5 c2 41. Bb2 Bb5 42. Bc1 Bxb4 43. Bf1 Nd7 44. Kg2 Ne5 45. Nd4 Bxf1+ 46. Kxf1 Bc5 47. Nxc2 Nxf3 48. h3 f6 49. Ke2 Ng1+ 50. Kd3 Nxh3 51. Kc4 Ba7 52. Nb4 Nf2 53. Nc6 Bb6 54. Kb5 Bc7 55. Kxa4 Nxe4 56. Be3 Kf7 57. Bd4 Ke6 58. Kb5 Kd5 59. Ne7+ Kxd4 60. Nf5+ Ke5 61. Nxg7 Nf2 62. Kc6 Ba5 63. Ne8 Nxg4 64. Nd6 Be1 65. a4 h5 66. Nc4+ Kf4 0-1

[Event "CZE-chTJ 0102"]
[Site "Czech Republic"]
[Date "2001.??.??"]
[Round "1"]
[White "Rozmbersky, David"]
[Black "Dolezal, Jiri"]
[Result "1-0"]
[WhiteElo "2182"]
[BlackElo "2255"]
[PlyCount "65"]
[EventDate "2001.??.??"]
[EventType "team"]
[EventRounds "11"]
[EventCountry "CZE"]
[SourceTitle "EXT 2003"]
[Source "ChessBase"]
[SourceDate "2002.11.25"]
[SourceVersion "1"]
[SourceVersionDate "2002.11.25"]
[SourceQuality "1"]
[WhiteTeam "Line"]
[BlackTeam "Tabor II"]
[WhiteTeamCountry "CZE"]
[BlackTeamCountry "CZE"]

1. d4 Nf6 2. Nf3 e6 3. Bf4 b6 4. e3 Bb7 5. Nbd2 Be7 6. Bd3 d5 7. Ne5 0-0 8. Qf3 Nc6 9. c3 Nxe5 10. Bxe5 Nd7 11. Bf4 f5 12. h4 Nf6 13. Qh3 c5 14. Nf3 c4 15. Bc2 b5 16. Ne5 b4 17. f3 Bd6 18. Bg5 Qc7 19. Kd2 Nd7 20. f4 bxc3+ 21. bxc3 Nxe5 22. fxe5 Ba3 23. Rab1 Bc6 24. Bf4 Rab8 25. g4 Bb2 26. gxf5 Bxc3+ 27. Ke2 Qa5 28. f6 Rbe8 29. Qg4 Rf7 30. Qh5 g6 31. Bxg6 Qxa2+ 32. Kf3 Rb7 33. Rxb7 1-0

[Event "Prague AKO op"]
[Site "Prague"]
[Date "2001.??.??"]
[Round "?"]
[White "Studnicka, Tomas"]
[Black "Dolezal, Jiri"]
[Result "1/2-1/2"]
[WhiteElo "2045"]
[BlackElo "2255"]
[PlyCount "62"]
[EventDate "2001.??.??"]
[EventType "swiss"]
[EventRounds "9"]
[EventCountry "CZE"]
[SourceTitle "EXT 2003"]
[Source "ChessBase"]
[SourceDate "2002.11.25"]
[SourceVersion "1"]
[SourceVersionDate "2002.11.25"]
[SourceQuality "1"]

1. Nf3 Nf6 2. c4 b6 3. d4 e6 4. g3 Bb7 5. Bg2 Be7 6. Nc3 0-0 7. Qc2 d5 8. cxd5 exd5 9. 0-0 Re8 10. Bf4 c6 11. Rac1 Nbd7 12. Ne5 Nxe5 13. Bxe5 Nd7 14. Bf4 Nf8 15. Rcd1 Ne6 16. Bc1 Bf6 17. e3 Qe7 18. f4 Rad8 19. Qa4 Ba8 20. b4 c5 21. bxc5 bxc5 22. Ne2 cxd4 23. exd4 Nf8 24. Bf3 Qc7 25. Rd3 Qc4 26. Qd1 Qxa2 27. Ba3 Bc6 28. Bc5 Bb5 29. Nc3 Qc4 30. Nxb5 Qxb5 31. Bxa7 Ne6 1/2-1/2

[Event "CZE-chT2a 0001"]
[Site "Czech Republic"]
[Date "2000.??.??"]
[Round "3"]
[White "Dolezal, Jiri"]
[Black "Jirka, Jiri"]
[Result "1/2-1/2"]
[WhiteElo "2250"]
[BlackElo "2300"]
[PlyCount "82"]
[EventDate "2000.??.??"]
[EventType "team"]
[EventRounds "11"]
[EventCountry "CZE"]
[SourceTitle "EXT 2003"]
[Source "ChessBase"]
[SourceDate "2002.11.25"]
[SourceVersion "1"]
[SourceVersionDate "2002.11.25"]
[SourceQuality "1"]

1. d4 d5 2. Nf3 Nf6 3. c4 c6 4. Nc3 a6 5. e3 Bf5 6. Bd3 Bxd3 7. Qxd3 b5 8. b3 e6 9. 0-0 Be7 10. a4 b4 11. Ne2 a5 12. Ng3 Nbd7 13. Bb2 h5 14. Rad1 h4 15. Ne2 Ne4 16. Nd2 f5 17. Nf4 Rh6 18. f3 Nxd2 19. Rxd2 Bd6 20. Nh3 Qb8 21. f4 Nf6 22. Ng5 Kd7 23. Rc2 Qb7 24. cxd5 cxd5 25. Nf7 Rh7 26. Ne5+ Bxe5 27. dxe5 Ne4 28. Rfc1 Rhh8 29. Bd4 Rhc8 30. Kf1 Rxc2 31. Rxc2 Qa6 32. Ke2 Qxd3+ 33. Kxd3 Ra6 34. Ke2 Rc6 35. Kd3 Rxc2 36. Kxc2 Kc6 37. Kd3 g6 38. Bb2 Nf2+ 39. Ke2 Ne4 40. Kd3 Kb7 41. Bd4 Kc6 1/2-1/2

[Event "CZE-chTJ 9900"]
[Site "Czech Republic"]
[Date "1999.??.??"]
[Round "?"]
[White "Dolezal, Jiri"]
[Black "Novak, Jiri"]
[Result "1/2-1/2"]
[WhiteElo "2207"]
[BlackElo "2245"]
[PlyCount "114"]
[EventDate "1999.??.??"]
[EventType "team"]
[EventRounds "11"]
[EventCountry "CZE"]
[SourceTitle "EXT 2002"]
[Source "ChessBase"]
[SourceDate "2001.11.25"]
[SourceVersion "1"]
[SourceVersionDate "2001.11.25"]
[SourceQuality "1"]

1. e4 Nf6 2. e5 Nd5 3. d4 d6 4. c4 Nb6 5. exd6 cxd6 6. Nc3 g6 7. a4 Bg7 8. a5 N6d7 9. d5 0-0 10. Nf3 b6 11. Be2 Ba6 12. 0-0 Qc7 13. axb6 axb6 14. Be3 Ne5 15. Nxe5 Bxe5 16. Nb5 Qb7 17. Nd4 Bf6 18. b4 Qc8 19. Rc1 Bb7 20. Nb5 Qd8 21. Bd4 Nd7 22. Bg4 Bxd4 23. Qxd4 Nf6 24. Bf3 Ba6 25. Nc3 Qc7 26. Na4 Rab8 27. Rfe1 Rfe8 28. h4 h5 29. g3 Qd8 30. Re3 Bxc4 31. Qxc4 b5 32. Qc6 bxa4 33. Qxa4 Qb6 34. Rb1 Qb5 35. Qd1 Rb7 36. Reb3 Rc8 37. Qd2 Rbc7 38. R3b2 Rc3 39. Rb3 Rc2 40. Qd3 Qxd3 41. Rxd3 Rc1+ 42. Rxc1 Rxc1+ 43. Kg2 Rb1 44. Rd4 Kf8 45. Rc4 Kg7 46. Rd4 Rb2 47. Bd1 Ng4 48. Bxg4 hxg4 49. Rxg4 Rd2 50. b5 Rb2 51. h5 Rxb5 52. hxg6 f5 53. Rd4 Kxg6 54. Kh3 Kf6 55. f4 Rb1 56. Rd3 Rb2 57. Rd1 Rc2 1/2-1/2

[Event "CZE-chT2"]
[Site "Czech Republic"]
[Date "1999.??.??"]
[Round "?"]
[White "Dolezal, Jiri"]
[Black "Vodicka, Vlastimil"]
[Result "1-0"]
[WhiteElo "2207"]
[BlackElo "2245"]
[PlyCount "73"]
[EventDate "1999.??.??"]
[EventType "team"]
[EventRounds "11"]
[EventCountry "CZE"]
[SourceTitle "EXT 2003"]
[Source "ChessBase"]
[SourceDate "2002.11.25"]
[SourceVersion "1"]
[SourceVersionDate "2002.11.25"]
[SourceQuality "1"]

1. e4 c5 2. Nf3 d6 3. Bb5+ Nd7 4. 0-0 Ngf6 5. d4 cxd4 6. Qxd4 a6 7. Bxd7+ Bxd7 8. c4 g6 9. Nc3 Bg7 10. Be3 0-0 11. Qd3 b5 12. Bd4 bxc4 13. Qxc4 Qa5 14. Rfe1 Rfc8 15. Qd3 Be6 16. Nd2 Rab8 17. b3 Rb4 18. Ne2 Rb7 19. Nf4 Bd7 20. Nc4 Qg5 21. Nh3 Qb5 22. Rac1 Be6 23. Nf4 Bxc4 24. bxc4 Qa4 25. Nd5 Nxd5 26. exd5 Qxa2 27. h4 Bxd4 28. Qxd4 Qa5 29. h5 Qb6 30. Qh4 Qc7 31. hxg6 hxg6 32. Re3 e5 33. dxe6 Qe7 34. Qh6 Qf6 35. Rce1 Qg7 36. Qh3 Rxc4 37. e7 1-0